Elemente der technischen Hydromechanik /

Bibliographic Details
Main Author: Von Mises, Richard, 1883-1953
Format: Book
Language:German
Published: Leipzig, Berlin : B. G. Teubner, 1914-
Series:Sammlung mathematisch-physikalischer Schriften ; 17.
Subjects:

MARC

Tag First Indicator Second Indicator Subfields
LEADER 00000cam a2200000 4500
001 in00000023362
005 20151007064410.0
008 750902s1914 gw 00010 ger
010 |a  14014178  
035 |a (OCoLC)01591776 
035 |9 AAD9742AM 
040 |a DLC  |c GAT  |d GAT  |d TXA  |d UtOrBLW 
049 |a TXAM  |c [217677] 
050 0 0 |a TC171  |b .V6 
092 |a 532  |b V947e, 1914 
100 1 |a Von Mises, Richard,  |d 1883-1953. 
245 1 0 |a Elemente der technischen Hydromechanik /  |c von Richard von Mises ... 
264 1 |a Leipzig,  |a Berlin :  |b B. G. Teubner,  |c 1914- 
300 |a  volumes :  |b diagrams ;  |c 21 cm. 
336 |a text  |b txt  |2 rdacontent 
337 |a unmediated  |b n  |2 rdamedia 
338 |a volume  |b nc  |2 rdacarrier 
490 1 |a Sammlung mathematisch-physikalischer Schriften,  |v 17 
650 0 |a Fluid mechanics. 
650 0 |a Hydraulics. 
830 0 |a Sammlung mathematisch-physikalischer Schriften ;  |v 17. 
999 |a MARS 
999 f f |s 003059c8-7171-35b8-83dd-b8d791c99817  |i 8fc1c0cc-9db8-389f-983f-15b3e16c575e  |t 0 
952 f f |p ric  |a Texas A&M University  |b Rellis Campus  |c Joint Library Facility  |d Remote Storage  |t 0  |e TC171 .V6  |h Library of Congress classification  |i unmediated -- volume  |m A14800914581 
998 f f |a TC171 .V6  |t 0  |l Remote Storage